Opera Trivia - Statistics

General Stats
  • This quiz has been taken 115 times
  • The average score is 7 of 15
Answer Stats
Question Answer % Correct
Which is an opera composed by Gioacchino Rossini? Il barbiere di Siviglia
92%
Which musical number can you hear in a standard performance of Carmen? The Toreador Song
80%
What is the name of Cio-Cio-San’s maid in Madama Butterfly? Suzuki
78%
Which character sings «Nessun dorma» in the final act of Turandot? Calaf
51%
Richard Wagner had a son who was also an opera composer. What was the son’s name? Siegfried Wagner
51%
The Kitchen Boy in Dvořák’s Rusalka is usually performed by … A mezzo-soprano
41%
Which of the following is NOT known to have composed an opera based on one of Shakespeare’s plays? Ottorino Respighi
41%
John Adams (1947- ) composed which opera? Antony and Cleopatra
39%
Which of the following did NOT compose an operatic retelling of the Faust legend? Robert Schumann
39%
In an 1831 Bellini opera, one of the principal characters sings an aria cantabile while she is … Asleep
35%
Where does the opera Norma take place? Gaul
35%
Which opera does NOT have a principal character named Elvira? La favorita
31%
In this one-act opera, a troubled woman discloses (during a telephone conversation) her recent suicide attempt. La voix humaine (Francis Poulenc)
31%
Carlisle Floyd’s opera Susannah takes place in which U.S. state? Tennessee
20%
Which Valkyrie role did Wagner write for a contralto? Schwertleite
12%
No matching quizzes found
Score Distribution
Percent of People with Each Score
Percentile by Number Answered
Your Score History
You have not taken this quiz